000 00452nam a2200169 4500
001 140107
003 ES-MaACL
005 20230906200015.0
007 t|
008 070214s1920 gw r ||||1| ger d
100 1 _aSchuele, W.
_9104742
245 1 0 _aTechnische thermodynamik /
_cW. Schuele.
250 _a3ª. ed.
260 _aBerlin :
_bJulius Springer,
_c1920.
300 _aXV, 409 p., 2 lám. :
_bil. ;
_c24 cm.
852 _aES-MaACL
_jD-9103
999 _c140107
_d140107